| 000 | 006320000a22001810004500 | ||
|---|---|---|---|
| 003 | MACL | ||
| 005 | 20160522161814.0 | ||
| 008 | 160522b xxu||||| |||| 00| 0 eng d | ||
| 040 |
_aMACL _cMACL |
||
| 041 | _aHindi | ||
| 082 | _a891.433 JHA | ||
| 100 |
_aझारी, कृष्णदेव _958930 |
||
| 245 |
_aप्रेमचन्द की चुनिन्दा कहानियॉ _cकृष्णदेव झारी |
||
| 260 |
_bबालसभा प्रकाशन _c2001 _aनई दिल्ली |
||
| 350 | _a400 | ||
| 650 |
_aStories _958931 |
||
| 942 |
_cHIN _k891.433/JHA/S _2ddc |
||
| 999 |
_c18268 _d18268 |
||